| 000 | 00536nam a2200193 a 4500 | ||
|---|---|---|---|
| 001 | 1771589609510 | ||
| 003 | YourLibrary | ||
| 005 | 20260220174644.0 | ||
| 008 | 260220s1986##################000#0#eng## | ||
| 020 | _a9780820416007 | ||
| 082 | 0 | 4 |
_a320.54095694 _bPEN.3 |
| 100 | 1 |
_aPenkower, Monty Noam, _eauthor. |
|
| 245 | 1 | 0 | _aThe Emergence of Zionist Thought : |
| 260 |
_bPeter Lang Pub Incorporated, _c1986. |
||
| 300 | _a159 pages | ||
| 650 | 0 | _aPolitical Science. | |
| 942 | _cENGLISH | ||
| 040 |
_aYourLibrary _beng _cYourLibrary |
||
| 999 |
_c614810 _d614810 |
||